| 000 | 00872nam a2200253 u 4500 | ||
|---|---|---|---|
| 005 | 20250617063821.0 | ||
| 008 | 170607s2009 r 000 0 eng d | ||
| 020 | _a9786077698159 | ||
| 035 | _aUPN01000218418 | ||
| 049 | _aCG | ||
| 050 | 4 |
_aHD85 E8 _bO7.3 |
|
| 100 | 1 |
_aOrnelas Delgado, Jaime _940124 |
|
| 245 | 1 | 0 |
_aEn busca del desarrollo : _bmiradas multidisciplinarias / _cJaime Ornelas Delgado, Celia Hernández Cortés, María Isabel Castillo Ramos. |
| 260 |
_aMéxico : _bUAT, _c2009. |
||
| 300 |
_a275 p. : _bcuadros, tablas |
||
| 650 | 4 |
_aDesarrollo económico _96460 |
|
| 650 | 4 |
_aDesarrollo económico _zMéxico _912453 |
|
| 650 | 4 |
_aPlanificación regional _91110 |
|
| 650 | 4 |
_aDesarrollo sustentable _94974 |
|
| 700 | 1 |
_aHernández Cortés, Celia, _ecoaut. |
|
| 700 | 1 |
_aCastillo Ramos, María Isabel, _ecoaut. |
|
| 905 | _aLibro | ||
| 999 |
_c190518 _d190518 |
||